|
|
|
|
| LEADER |
00000nam0a2200000 4500 |
| 001 |
129054 |
| 005 |
20240815155631.0 |
| 035 |
|
|
|a (RuTPU)RU\TPU\book\139649
|
| 090 |
|
|
|a 129054
|
| 100 |
|
|
|a 20080118d1985 m y0rusy5003 ca
|
| 101 |
1 |
|
|a rus
|c eng
|
| 102 |
|
|
|a RU
|
| 105 |
|
|
|a a z 001ay
|
| 200 |
1 |
|
|a Рассказы канадских писателей
|e пер. с англ.
|f сост. , предисл., справки об авторах А. К. Савуренок
|
| 210 |
|
|
|a Ленинград
|c Художественная литература
|d 1985
|
| 215 |
|
|
|a 360 с.
|c ил.
|d 20 см
|
| 320 |
|
|
|a Библиогр.: с.353-357
|
| 606 |
1 |
|
|a Американская литература (англо-язычная литература)
|9 52349
|
| 610 |
1 |
|
|a канадская литература
|
| 610 |
1 |
|
|a проза
|
| 675 |
|
|
|a 82
|v 3
|
| 702 |
|
1 |
|a Савуренок
|b А. К.
|g Александра Кирилловна
|4 220
|
| 801 |
|
0 |
|a RU
|b RuMRKP
|c 19950704
|g psbo
|
| 801 |
|
1 |
|a RU
|b 63413507
|c 20080118
|g PSBO
|
| 801 |
|
2 |
|a RU
|b 63413507
|c 20080125
|g PSBO
|
| 942 |
|
|
|c BK
|